000 01025cam a22003257a 4500
003 CHAP
005 20220817042752.0
008 971013s1959 r 00010 d
010 _a55005
011 _a55977
035 _a60130
040 _cCHAP
090 _aFolleto 9117
100 0 0 _aXiménez de Embún y González Arnas, Joaquín.
_9122900
245 1 3 _aEl pino piñonero en las llanuras castellanas
260 _aMadrid :
_bMinisterio de Agricultura,
_c1959
300 _a20 h.
_b: ilus.
490 0 _aHojas divulgadoras
_v; 11-59-H
500 _aFotocopia
590 _aBATCH-UPD
_b10
_c20130110
_lUCH01
_h0144
590 _aBATCH-UPD
_b10
_c20130110
_lUCH01
_h2227
590 _aBATCH-UPD
_b10
_c20130410
_lUCH01
_h1523
590 _aBATCH-UPD
_b10
_c20130914
_lUCH01
_h1903
590 _aCONVERSION
_b10
_c20130109
_lUCH01
_h1330
650 1 4 _aPinus cembroides.
_988325
830 0 _aHojas divulgadoras
_v; 11-59-H
901 _aBK
942 _cFOLL
949 _aFolleto 9117
_bBC
_cFOLL
_d-129717
_eTS1
_i60130
_mD
_si
999 _c55005
_d55005